Florence + The Machine: Complete Discography - Statistics

General Stats
  • This quiz has been taken 268 times
    223 since last reset
  • The average score is 64 of 106
Answer Stats
Album Song % Correct
Everybody Scream Everybody Scream
97%
Lungs Dog Days Are Over
95%
High As Hope Hunger
89%
Dance Fever King
89%
How Big, How Blue, How Beautiful How Big, How Blue, How Beautiful
86%
How Big, How Blue, How Beautiful Ship To Wreck
84%
Everybody Scream One Of The Greats
83%
Ceremonials Shake It Out
83%
Dance Fever Free
81%
Dance Fever Cassandra
80%
Lungs Cosmic Love
80%
Features Florida!!!
80%
How Big, How Blue, How Beautiful (Bonus) Which Witch
80%
Dance Fever Daffodil
78%
Lungs Kiss With A Fist
78%
Dance Fever (Bonus) Mermaids
78%
Lungs Between Two Lungs
77%
Lungs Drumming Song
75%
Lungs Girl With One Eye
75%
Dance Fever Morning Elvis
75%
Lungs Rabbit Heart / Raise It Up
75%
Ceremonials Seven Devils
75%
Everybody Scream Buckle
73%
Everybody Scream Kraken
73%
Ceremonials Never Let Me Go
73%
Ceremonials No Light, No Light
73%
Everybody Scream Sympathy Magic
73%
Dance Fever Choreomania
72%
How Big, How Blue, How Beautiful Delilah
72%
Lungs Howl
72%
Lungs My Boy Builds Coffins
72%
High As Hope Patricia
72%
Ceremonials Spectrum
72%
High As Hope Big God
70%
Dance Fever Heaven Is Here
70%
How Big, How Blue, How Beautiful Mother
70%
How Big, How Blue, How Beautiful What Kind Of Man
70%
Dance Fever My Love
69%
How Big, How Blue, How Beautiful Queen Of Peace
69%
Lungs You've Got The Love
69%
Dance Fever Dream Girl Evil
67%
Dance Fever Girls Against God
67%
High As Hope No Choir
67%
Soundtracks Wish That You Were Here
67%
High As Hope June
66%
Ceremonials Only If For A Night
66%
High As Hope Sky Full Of Song
66%
High As Hope South London Forever
66%
How Big, How Blue, How Beautiful Third Eye
66%
Everybody Scream Witch Dance
66%
Everybody Scream And Love
64%
High As Hope Grace
64%
Ceremonials What The Water Gave Me
64%
How Big, How Blue, How Beautiful St. Jude
63%
Dance Fever The Bomb
63%
Lungs (Bonus) Bird Song
61%
Ceremonials (Bonus) Breath Of Life
61%
Everybody Scream Perfume And Milk
61%
How Big, How Blue, How Beautiful Various Storms & Saints
61%
High As Hope 100 Years
59%
Everybody Scream Music By Men
59%
High As Hope The End Of Love
59%
Everybody Scream The Old Religion
59%
Everybody Scream You Can Have It All
59%
Everybody Scream Drink Deep
58%
Lungs I'm Not Calling You A Liar
55%
How Big, How Blue, How Beautiful Long & Lost
55%
Ceremonials Lover To Lover
55%
Singles Moderation
55%
Dance Fever Back In Town
53%
Ceremonials Heartlines
53%
Lungs Hurricane Drunk
53%
How Big, How Blue, How Beautiful (Bonus) Make Up Your Mind
53%
Lungs (Bonus) Swimming
53%
Lungs Blinding
52%
Dance Fever Restraint
52%
Lungs (Bonus) Falling
50%
Lungs (Bonus) Hospital Beds
50%
Soundtracks Just A Girl
50%
Dance Fever Prayer Factory
48%
Ceremonials All This And Heaven Too
47%
Ceremonials Breaking Down
47%
How Big, How Blue, How Beautiful Caught
47%
Soundtracks Jenny Of Oldstones
47%
Ceremonials (Bonus) Bedroom Hymns
45%
Lungs (Bonus) Hardest Of Hearts
45%
How Big, How Blue, How Beautiful (Bonus) Hiding
45%
Ceremonials Leave My Body
45%
Lungs (Bonus) Heavy In Your Arms
44%
Ceremonials (Bonus) Landscape
42%
Soundtracks Call Me Cruella
41%
Singles Light Of Love
39%
Ceremonials (Bonus) Remain Nameless
38%
Soundtracks Stand By Me
38%
Ceremonials (Bonus) Strangeness And Charm
36%
Soundtracks Over The Love
34%
How Big, How Blue, How Beautiful (Bonus) Pure Feeling
34%
How Big, How Blue, How Beautiful (Bonus) Conductor
33%
Lungs (Bonus) Are You Hurting The One You Love?
31%
Dance Fever (Bonus) Search And Destroy
31%
Lungs (Bonus) Addicted To Love
28%
Soundtracks Too Much Is Never Enough
27%
How Big, How Blue, How Beautiful (Bonus) As Far As I Could Get
22%
Duets / Collaborations Reflections Laughing
22%
Duets / Collaborations Never Felt Better
19%
Soundtracks White Cliffs Of Dover
16%
No matching quizzes found
Score Distribution
Percent of People with Each Score
Percentile by Number Answered
Your Score History
You have not taken this quiz since the last reset